Saving plants and jobs : union-management negotiations in the context of threatened plant closing /

Bibliographic Details
Main Author: Gerhart, Paul F.
Format: Book
Language:English
Published: Kalamazoo, MI : W.E. Upjohn Institute for Employment Research, 1987.
Subjects:

MARC

Tag First Indicator Second Indicator Subfields
LEADER 00000cam a2200000 a 4500
001 in00000011730
005 20151007051701.0
008 870409s1987 miu b 00010 eng
010 |a  87010527  
020 |a 0880990473 
020 |a 0880990465 (pbk.) 
035 |a (OCoLC)15589292 
035 |9 AAA4275AM 
040 |a DLC  |c DLC  |d TXA  |d UtOrBLW 
049 |a TXAM  |c [A12635460] 
050 0 0 |a HD5708.5  |b .G47 1987 
082 0 |a 331.89/15  |2 19 
100 1 |a Gerhart, Paul F. 
245 1 0 |a Saving plants and jobs :  |b union-management negotiations in the context of threatened plant closing /  |c by Paul F. Gerhart. 
264 1 |a Kalamazoo, MI :  |b W.E. Upjohn Institute for Employment Research,  |c 1987. 
300 |a vii, 109 pages ;  |c 23 cm. 
336 |a text  |b txt  |2 rdacontent 
337 |a unmediated  |b n  |2 rdamedia 
338 |a volume  |b nc  |2 rdacarrier 
504 |a Includes bibliographies. 
650 0 |a Plant shutdowns. 
999 |a MARS 
999 f f |s 023e46fc-2054-39d4-9f55-12f647d808e6  |i 2999f459-9c3d-3d1e-a3b1-e7b52c2ed1cf  |t 0 
952 f f |p ric  |a Texas A&M University  |b Rellis Campus  |c Joint Library Facility  |d Remote Storage  |t 0  |e HD5708.5 .G47 1987  |h Library of Congress classification  |i unmediated -- volume  |m A14812635460 
998 f f |a HD5708.5 .G47 1987  |t 0  |l Remote Storage